000 00420nam a2200145Ia 4500
008 100122s9999 xx 000 0 und d
082 _b46518
_a823
100 _aजोशी रत्नप्रभा
245 _aशिखंडी
260 _bलोकवाड.मय गृह प्रकाशन
_c1992
300 _a114
630 _aशिखंडी
730 _aशिखंडी
942 _cBOOK
999 _c425643
_d425640